Economía política : (Registro nro. 4365)

Detalles MARC
000 -LEADER
fixed length control field 00975nam a2200229Ia 4500
003 - CONTROL NUMBER IDENTIFIER
control field OSt
005 - DATE AND TIME OF LATEST TRANSACTION
control field 20200630132730.0
008 - FIXED-LENGTH DATA ELEMENTS--GENERAL INFORMATION
fixed length control field 191128s9999 ru fr 000 0 spa d
040 ## - CATALOGING SOURCE
Original cataloging agency CO-JMCR
Transcribing agency CO-JMCR
041 1# - LANGUAGE CODE
Language code of text/sound track or separate title spa
Language code of original rus
082 04 - DEWEY DECIMAL CLASSIFICATION NUMBER
Classification number 335.412 /
Item number N692e
Edition number 23
100 1# - MAIN ENTRY--PERSONAL NAME
Personal name Nikitin, Petr Ivanovich,
Relator term autor
9 (RLIN) 6334
245 10 - TITLE STATEMENT
Title Economía política :
Remainder of title manual de divulgación /
Statement of responsibility, etc. P. Nikitin ; traducido del ruso por L. Vládov.
250 ## - EDITION STATEMENT
Edition statement Segunda edición
260 ## - PUBLICATION, DISTRIBUTION, ETC.
Place of publication, distribution, etc. Moscú :
Name of publisher, distributor, etc. Ediciones en Lengua Extranjeras,
Date of publication, distribution, etc. 1959
300 ## - PHYSICAL DESCRIPTION
Extent 429 páginas ;
Dimensions 21 cm.
505 0# - FORMATTED CONTENTS NOTE
Formatted contents note Qué estudia la economía política -- Los modos precapitalistas de producción -- El modo capitalista de producción -- La producción mercantil y el dinero -- Capital y plusvalía. El salario en el capitalismo -- La acumulación del capital y el empoderamiento.
546 ## - LANGUAGE NOTE
Language note Traducido del ruso
650 14 - SUBJECT ADDED ENTRY--TOPICAL TERM
Topical term or geographic name entry element Economía
9 (RLIN) 6335
700 1# - ADDED ENTRY--PERSONAL NAME
Personal name Vládov, L.,
Relator term traductor
9 (RLIN) 4562
942 ## - ADDED ENTRY ELEMENTS (KOHA)
Source of classification or shelving scheme Dewey Decimal Classification
Koha item type Books
Existencias
Withdrawn status Lost status Source of classification or shelving scheme Damaged status Not for loan Collection code Home library Current library Date acquired Source of acquisition Cost, normal purchase price Total Checkouts Full call number Barcode Date last seen Copy number Koha item type Public note
    Dewey Decimal Classification     Non-fiction Biblioteca Pública José María del Castillo y Rada Biblioteca Pública José María del Castillo y Rada 10/15/2018 Donación 0.00   335.412 / N692e 201809215 05/16/2024 Ej.1 Books Exlibris: Nota con esfero en la primera página